Making a difference: The impact of traditional male role models on drug sale activity and violence involving Black urban youth

Gespeichert in:  
Bibliographische Detailangaben
VerfasserInnen: Parker, Karen F. (Verfasst von) ; Maggard, Scott R. (Verfasst von)
Medienart: Elektronisch Aufsatz
Sprache:Englisch
Veröffentlicht: 2009
In: Journal of drug issues
Jahr: 2009, Band: 39, Heft: 3, Seiten: 715-740
Online-Zugang: Volltext (lizenzpflichtig)
Volltext (lizenzpflichtig)
Verfügbarkeit prüfen: HBZ Gateway

MARC

LEADER 00000caa a22000002c 4500
001 191261491X
003 DE-627
005 20250123055010.0
007 cr uuu---uuuuu
008 241217s2009 xx |||||o 00| ||eng c
024 7 |a 10.1177/002204260903900311  |2 doi 
035 |a (DE-627)191261491X 
035 |a (DE-599)KXP191261491X 
040 |a DE-627  |b ger  |c DE-627  |e rda 
041 |a eng 
084 |a 2,1  |2 ssgn 
100 1 |a Parker, Karen F.  |e VerfasserIn  |0 (DE-588)137074387  |0 (DE-627)589916424  |0 (DE-576)302128492  |4 aut 
109 |a Parker, Karen F. 
245 1 0 |a Making a difference: The impact of traditional male role models on drug sale activity and violence involving Black urban youth 
264 1 |c 2009 
336 |a Text  |b txt  |2 rdacontent 
337 |a Computermedien  |b c  |2 rdamedia 
338 |a Online-Ressource  |b cr  |2 rdacarrier 
700 1 |a Maggard, Scott R.  |e VerfasserIn  |4 aut 
773 0 8 |i Enthalten in  |t Journal of drug issues  |d Thousand Oaks, Calif. : Sage, 1971  |g 39(2009), 3, Seite 715-740  |h Online-Ressource  |w (DE-627)331258277  |w (DE-600)2051257-0  |w (DE-576)260774243  |x 1945-1369  |7 nnas 
773 1 8 |g volume:39  |g year:2009  |g number:3  |g pages:715-740 
787 0 8 |i Forschungsdaten  |a Chilton, Roland  |t Uniform Crime Reporting Program Data (United States): Arrests by Age, Sex, and Race for Police Agencies in Metropolitan Statistical Areas, 1960-1997  |d [Erscheinungsort nicht ermittelbar] : [Verlag nicht ermittelbar], 1999  |w (DE-627)1840060115 
787 0 8 |i Forschungsdaten  |a United States Department of Justice. Office of Justice Programs. Bureau of Justice Statistics  |t Census of State and Federal Adult Correctional Facilities, 2000  |d [Erscheinungsort nicht ermittelbar] : [Verlag nicht ermittelbar], 2004  |w (DE-627)1840064854 
856 4 0 |u https://doi.org/10.1177/002204260903900311  |x Resolving-System  |z lizenzpflichtig  |3 Volltext  |7 1 
856 4 0 |u http://www.ncjrs.gov/App/publications/abstract.aspx?ID=251109  |x Verlag  |z lizenzpflichtig  |3 Volltext  |7 1 
935 |a mkri 
951 |a AR 
ELC |a 1 
LOK |0 000 xxxxxcx a22 zn 4500 
LOK |0 001 4637580439 
LOK |0 003 DE-627 
LOK |0 004 191261491X 
LOK |0 005 20241217044659 
LOK |0 008 241217||||||||||||||||ger||||||| 
LOK |0 035   |a (DE-2619)ICPSR98297 
LOK |0 040   |a DE-2619  |c DE-627  |d DE-2619 
LOK |0 092   |o n 
LOK |0 852   |a DE-2619 
LOK |0 852 1  |9 00 
LOK |0 935   |a nacp 
LOK |0 939   |a 17-12-24  |b l01 
ORI |a SA-MARC-krimdoka001.raw